📖🕯 150 premiers mots "Jakez et le vaisseau merveilleux" - Statistiques

Statistiques générales
  • Ce quiz a Ă©tĂ© pris 4 fois
  • Le rĂ©sultat moyen est 79 sur 150
Statistiques - réponses
Mots % Correct
Ă 
100%
d'
100%
de
100%
des
100%
et
100%
Il
100%
il ...
100%
ils
100%
Jakez
100%
l'
100%
lĂ ,
100%
la
100%
La
100%
le
100%
les
100%
Les
100%
n'
100%
avait
67%
eau
67%
en
67%
était
67%
fois
67%
jour
67%
marin - ,
67%
matelots
67%
navire
67%
nous
67%
ou
67%
plus
67%
qu'
67%
que
67%
qui
67%
ses
67%
son
67%
tous
67%
Un
67%
un
67%
un.
67%
une
67%
allons
33%
aucun
33%
autre
33%
bateau
33%
bâtiment
33%
bâtiment.
33%
bonne
33%
bord,
33%
Bretagne,
33%
capitaine
33%
comparé
33%
coquille
33%
dans
33%
deux
33%
dont
33%
furent
33%
leur
33%
mĂŞme
33%
noix
33%
nombreux
33%
ordres.
33%
passagers
33%
passagers,
33%
périr!
33%
petit
33%
petit.
33%
si
33%
sous
33%
accepta
0%
allure
0%
bateaux
0%
cales
0%
cependant
0%
chargé
0%
condamnait
0%
couler
0%
déjà
0%
descendirent
0%
détresse.
0%
élégamment
0%
évidemment,
0%
fit
0%
fond
0%
gros
0%
habillés -
0%
haut-
0%
manquer
0%
mouillaient
0%
passagères
0%
pĂŞche
0%
pĂŞcheur
0%
place
0%
poissons,
0%
portée
0%
ports
0%
-Prends-
0%
rapidement.
0%
rapidement
0%
remplies
0%
sien
0%
signaux
0%
supplia
0%
ton
0%
touché
0%
travaillaient
0%
vint
0%
voie
0%
voix,
0%
Aucun quiz correspondant
Distribution des résultats
% des personnes avec chaque résultat
Percentile par nombre de réponses
Votre historique - résultats
Vous n’avez pas pris ce quiz